000 00853nas a2200277Ia 4500
001 A06/R061-40626
003 IT-MiCISF
008 161014c99999999xx |||||||||||| ||und||
040 _aIT-MiCISF
_cIT-MiCISF
041 _aITALIANO
100 _aGrandolfo Michele
210 _aAnime e corpi
222 _aAnime e corpi
245 0 _aCosa è successo e cosa è cambiato nelle IVG negli ultimi anni
250 _a1a ed.
260 _c2004
501 _bCISF - Centro Internazionale Studi Famiglia - Via Giotto, 36 20145 MILANO (non commercial uses only)
_cCopyright 2016
300 _app. 95-109
362 _an. 223, gennaio-marzo [2004]
500 _a Tema: aborto, legislazione, statistica
650 _aABORTO
_varticolo
700 _a Pediconi Marina
700 _a Spinelli Angela
942 _cCR
957 _71
999 _a40626
_bSi
_g1
_c235092
_d235092